Python in Depth (Record no. 36181)
[ view plain ]
| 000 -LEADER | |
|---|---|
| fixed length control field | 00351nam a22001577a 4500 |
| 003 - CONTROL NUMBER IDENTIFIER | |
| control field | OSt |
| 005 - DATE AND TIME OF LATEST TRANSACTION | |
| control field | 20250301092633.0 |
| 007 - PHYSICAL DESCRIPTION FIXED FIELD--GENERAL INFORMATION | |
| fixed length control field | 343 pages |
| 008 - FIXED-LENGTH DATA ELEMENTS--GENERAL INFORMATION | |
| fixed length control field | 250301b |||||||| |||| 00| 0 eng d |
| 020 ## - INTERNATIONAL STANDARD BOOK NUMBER | |
| International Standard Book Number | 9789389328424 |
| 040 ## - CATALOGING SOURCE | |
| Transcribing agency | |
| 082 ## - DEWEY DECIMAL CLASSIFICATION NUMBER | |
| Classification number | 005.133 |
| Item number | AYE |
| 245 ## - TITLE STATEMENT | |
| Title | Python in Depth |
| Statement of responsibility, etc. | Ahidjo Ayeva |
| 260 ## - PUBLICATION, DISTRIBUTION, ETC. | |
| Name of publisher, distributor, etc. | BPB |
| Date of publication, distribution, etc. | 2023 |
| 942 ## - ADDED ENTRY ELEMENTS (KOHA) | |
| Source of classification or shelving scheme | Dewey Decimal Classification |
| Koha item type | BOOK |
| Suppress in OPAC | No |
| Withdrawn status | Lost status | Source of classification or shelving scheme | Damaged status | Not for loan | Collection | Home library | Current library | Date acquired | Cost, normal purchase price | Inventory number | Total Checkouts | Full call number | Barcode | Date last seen | Date last checked out | Price effective from | Koha item type |
|---|---|---|---|---|---|---|---|---|---|---|---|---|---|---|---|---|---|
| Dewey Decimal Classification | COMPUTERS | Fr. Agnel's C.Rodrigues College of Engineering | AGNEL TECHNICAL COLLEGE LIBRARY | 01/03/2025 | 799.00 | LIBS00957 dt 25/01/2025 | 1 | 005.133/AYE | 26659 | 08/12/2025 | 03/12/2025 | 01/03/2025 | BOOK |